Universal banking for rural financial cooperative in India (Record no. 527170)

000 -LEADER
fixed length control field 00390nam a22001337a 4500
008 - FIXED-LENGTH DATA ELEMENTS--GENERAL INFORMATION
fixed length control field 240808b ||||| |||| 00| 0 eng d
100 ## - MAIN ENTRY--PERSONAL NAME
Personal name Gupta, Krishna Kumar
245 ## - TITLE STATEMENT
Title Universal banking for rural financial cooperative in India
260 ## - PUBLICATION, DISTRIBUTION, ETC. (IMPRINT)
Place of publication, distribution, etc The Cooperative
300 ## - PHYSICAL DESCRIPTION
Extent 62(1), Jul, 2024: p.16-22
773 ## - HOST ITEM ENTRY
Main entry heading The Cooperative
906 ## - LOCAL DATA ELEMENT F, LDF (RLIN)
Subject DIP CO-OPERATVES
942 ## - ADDED ENTRY ELEMENTS (KOHA)
Item type Articles
Holdings
Withdrawn status Lost status Source of classification or shelving scheme Damaged status Not for loan Permanent location Current location Date acquired Serial Enumeration / chronology Barcode Date last seen Koha item type
          Indian Institute of Public Administration Indian Institute of Public Administration 2024-08-08 62(1), Jul, 2024: p.16-22 AR132617 2024-08-08 Articles

Powered by Koha